Statistics for Top Five Cities by Demographics

Click here to take the quiz!

General Stats

  • This quiz has been taken 327 times
    (267 since last reset)
  • The average score is 23 of 30

Answer Stats

Demographic # City % Correct
Homeless People2,745New York City
100%
Tourists18.5 milLondon
99%
Tourists15.0 milParis
97%
Homeless People21,338Los Angeles
96%
Millionares461,000Tokyo
90%
Billionares45Beijing
83%
Muslims24.5 milJakarta
83%
Muslims16.2 milCairo
81%
Muslims14.0 milTehran
77%
Homeless People4,358San Francisco
74%
Billionares68Moscow
73%
Muslims14.3 milIstanbul
69%
Muslims24.1 milKarachi
68%
Tourists16.8 milSingapore
63%
Tourists26.6 milHong Kong
63%
Tourists18.7 milBangkok
52%
Homeless People2,942Seattle
44%
Immigrants2.79 milToronto
34%
Homeless People2,794San Jose
17%
Millionares217,000Frankfurt
14%

Score Distribution

Percentile by Number Answered

Percent of People with Each Score

Your Score History

You have not taken this quiz since the last reset